000 00602nam a2200181 i 4500
001 24375
003 ES-MaACL
005 20230906153034.0
007 t|
008 021217s1910 sp ||||1| spa d
245 0 0 _aAntología de las Cortes desde 1840 a 1846 /
_carreglada por Juan del Nido Segalerva.
260 _aMadrid :
_b[s.n.,
_c1910] (
_fTip. S.A. García)
300 _aXCI, 676 p. ;
_c26 cm.
500 _aPrecede al tít.: Congreso de los Diputados.
700 1 _aNido y Segalerva, Juan del.
_985616
710 1 _aEspaña.
_bCortes Generales.
_bCongreso.
_93671
852 _aES-MaACL
_jF-31
999 _c24375
_d24375